Paroles - Million Eyes Loïc Nottet - Statistiques

Statistiques générales
  • Ce quiz a été pris 65 fois
  • Le résultat moyen est 197 sur 284
Statistiques - réponses
Réponse % Correct
a
98%
eyes
94%
Eyes
94%
million
94%
You
94%
you
94%
me
91%
I
89%
my
87%
with
87%
With
87%
Your
87%
your
87%
to
85%
To
85%
what
83%
and
81%
on
81%
watching
81%
talk
79%
behind
77%
back,
74%
You're
74%
you're
74%
scream
70%
So
68%
shout
66%
But
64%
make
62%
get
60%
leave
60%
still
60%
'Cause
57%
spy
57%
Away,
55%
away
55%
here,
55%
here
55%
of
55%
e-e-e-eyes
53%
e-e-e-eyes,
53%
too
53%
in
51%
Different,
49%
different
49%
Yes
49%
freak
43%
I'm
43%
It's
43%
judging
43%
keep
43%
scared
43%
such
43%
Alone,
40%
alone,
40%
say
40%
people
38%
all
32%
when
32%
that
30%
judgment
28%
insults
26%
stick
26%
take
23%
at
21%
slanders
21%
off
19%
smile
19%
thousand
19%
have
17%
laugh
17%
Drowning,
15%
drowning
15%
mask
15%
flaws
13%
words
13%
clown's
11%
left
11%
scars
9%
heartless
6%
Million eyes
4%
Aucun quiz correspondant
Distribution des résultats
% des personnes avec chaque résultat
Percentile par nombre de réponses
Votre historique - résultats
Vous n’avez pas pris ce quiz